[Event "Lansing (MOR/5/4)"]
[Site "?"]
[Date "1997.??.??"]
[Round "?"]
[White "Grzegorczyk, Ron"]
[Black "King, Kenny"]
[Result "0-1"]
[WhiteElo "1610"]
[BlackElo "1645"]
[PlyCount "184"]
[EventDate "1997.??.??"]

{5/(4)} 1. e4 e6 2. d4 d5 3. exd5 exd5 4. Nf3 Nc6 5. Be2 Bd6 6. Nc3 Nge7 7. O-O
Bf5 8. a3 Qd7 9. Nb5 O-O-O 10. c4 dxc4 11. Bxc4 Be6 12. Bxe6 Qxe6 13. Be3 Nd5
14. Re1 Qf5 15. Nc3 f6 16. Qb1 Qh5 17. Qe4 Rhe8 18. Qh4 Qf7 19. Qxh7 Rh8 20.
Qf5+ Kb8 21. Nxd5 Rh5 22. Qd3 Qxd5 23. Qd2 g5 24. h3 Rdh8 25. Kf1 Qf5 26. g4
Qb5+ 27. Qe2 Qxe2+ 28. Kxe2 Rxh3 29. Rad1 Ne7 30. d5 Ng6 31. Ng1 R3h4 32. Bd4
Ne5 33. f3 Rh2+ 34. Kf1 Rc2 35. Re2 Rh2 36. Rxc2 Rxc2 37. Re1 Bc5 38. Bxc5 Rxc5
39. Nh3 a6 40. f4 Nxg4 41. fxg5 fxg5 42. Nxg5 Rxd5 43. Nf3 Rc5 44. Re2 Rc1+ 45.
Kg2 Nf6 46. Kf2 Nd5 47. Rd2 c6 48. Ne1 Kc7 49. Nd3 Rc4 50. Ke1 Nf4 51. Nxf4
Rxf4 52. Kd1 Rc4 53. Rd3 c5 54. Rf3 Kc6 55. Kd2 a5 56. b3 Rd4+ 57. Kc3 b5 58.
Rf6+ Rd6 59. Rf4 Re6 60. Kd3 Kd5 61. Rf5+ Re5 62. Rf8 c4+ 63. bxc4+ bxc4+ 64.
Kd2 Kd4 65. Rd8+ Rd5 66. Ra8 Kc5+ 67. Kc2 Kb5 68. Kc3 Rd3+ 69. Kb2 Rb3+ 70. Kc2
Rxa3 71. Rb8+ Ka6 72. Rc8 Kb5 73. Rb8+ Kc5 74. Rc8+ Kd4 75. Rd8+ Kc5 76. Rc8+
Kb4 77. Rb8+ Ka4 78. Rc8 Ra2+ 79. Kb1 Kb3 80. Rb8+ Ka3 81. Rc8 Rb2+ 82. Ka1 Rh2
83. Kb1 Kb3 84. Rb8+ Kc3 85. Rb5 a4 86. Ka1 Rh3 87. Kb1 Kd2 88. Rb2+ Kd3 89.
Rb4 c3 90. Rxa4 c2+ 91. Kc1 Rh1+ 92. Kb2 c1=Q+ 0-1

[Event "Kalamazoo (MI Am/3/17)"]
[Site "?"]
[Date "1997.??.??"]
[Round "?"]
[White "Grzegorczyk, Ron"]
[Black "Hosking, R."]
[Result "1-0"]
[WhiteElo "1640"]
[BlackElo "1605"]
[PlyCount "131"]
[EventDate "1997.??.??"]

{3/(17)} 1. e4 c5 2. c4 Nc6 3. Nf3 g6 4. Be2 Bg7 5. Nc3 e5 6. d3 Nge7 7. O-O d6
8. Bd2 O-O 9. Qc1 b6 10. Bh6 Bb7 11. Nd5 Nxd5 12. cxd5 Nd4 13. Nxd4 exd4 14.
Bg5 Qd7 15. h3 f6 16. Bg4 Qe7 17. Bh6 Bc8 18. Bxc8 Raxc8 19. Bf4 Rcd8 20. Qc2
Rc8 21. g4 Qd7 22. Qe2 Rce8 23. Qf3 Rd8 24. Qg3 Rf7 25. h4 Rff8 26. Kg2 Rf7 27.
Rh1 Kf8 28. Rh3 Ke7 29. Re1 Kf8 30. g5 f5 31. h5 Re7 32. hxg6 hxg6 33. b3 Kf7
34. f3 Ree8 35. Reh1 Qb5 36. Rd1 Qd7 37. Rh7 Rh8 38. Rxh8 Bxh8 39. Rh1 Bg7 40.
Bd2 Re8 41. Rh7 Rh8 42. Rxh8 Bxh8 43. Qh3 Bg7 44. Bf4 Ke7 45. Qh2 a5 46. Qh7
Kf7 47. e5 dxe5 48. Bxe5 Kf8 49. Bxg7+ Qxg7 50. Qxg7+ Kxg7 51. Kg3 Kf7 52. Kf4
Ke7 53. Ke5 b5 54. d6+ Kd7 55. Kd5 c4 56. bxc4 bxc4 57. Kxc4 Kxd6 58. Kxd4 Ke6
59. f4 Kd6 60. Kc4 Kc6 61. a4 Kd6 62. Kb5 Kd5 63. Kxa5 Kd4 64. Kb4 Ke3 65. a5
Kxf4 66. a6 1-0

[Event "Lansing (MI Op/4/16)"]
[Site "?"]
[Date "1997.??.??"]
[Round "?"]
[White "Grossman, Jay"]
[Black "Vandivier, Don"]
[Result "1-0"]
[WhiteElo "1860"]
[BlackElo "1950"]
[PlyCount "85"]
[EventDate "1997.??.??"]

{4/(16)} 1. d4 Nf6 2. c4 g6 3. Nc3 d5 4. cxd5 Nxd5 5. e4 Nxc3 6. bxc3 Bg7 7.
Nf3 O-O 8. Be2 c5 9. Be3 cxd4 10. cxd4 Qa5+ 11. Qd2 Qxd2+ 12. Kxd2 Rd8 13. Rhd1
Nc6 14. Ke1 Bg4 15. e5 Rd7 16. Bb5 Rad8 17. Rac1 Bxf3 18. gxf3 Rd5 19. Bxc6
bxc6 20. f4 Ra5 21. Rd2 Ra6 22. Rc4 e6 23. Rdc2 Rc8 24. Ke2 Kf8 25. Rb4 Rb6 26.
Ra4 Rb7 27. Ra6 Rbc7 28. Bd2 Ke8 29. Ba5 Rb7 30. Rcxc6 Rxc6 31. Rxc6 Rb2+ 32.
Ke3 Rxa2 33. Rc8+ Kd7 34. Rc7+ Ke8 35. Rxa7 Ra3+ 36. Ke4 f5+ 37. exf6 Bxf6 38.
Bb6 Rh3 39. d5 exd5+ 40. Kxd5 Rb3 41. Be3 h5 42. Ke6 Bd8 43. Rh7 1-0

[Event "Lansing (MI Op/6/8)"]
[Site "?"]
[Date "1997.??.??"]
[Round "?"]
[White "Grossman, Jay"]
[Black "Rogers, Bradley"]
[Result "0-1"]
[WhiteElo "1860"]
[BlackElo "2100"]
[PlyCount "46"]
[EventDate "1997.??.??"]

{6/(8)} 1. d4 Nf6 2. c4 c5 3. d5 d6 4. Nc3 g6 5. e4 Bg7 6. Bg5 O-O 7. f3 a6 8.
Qd2 e6 9. Nge2 exd5 10. Nxd5 h6 11. Bxh6 Nxe4 12. fxe4 Qh4+ 13. Ng3 Bxh6 14.
Qd3 Nc6 15. Be2 Ne5 16. Qc2 Be6 17. O-O Bxd5 18. exd5 Be3+ 19. Kh1 Kg7 20. Qe4
Qg5 21. Rf5 gxf5 22. Nxf5+ Kg8 23. Nxe3 f5 0-1

[Event "Lansing (MI Op/7/12)"]
[Site "?"]
[Date "1997.??.??"]
[Round "?"]
[White "Grossman, Jay"]
[Black "Kulbacki, James"]
[Result "1/2-1/2"]
[WhiteElo "1860"]
[BlackElo "2005"]
[PlyCount "37"]
[EventDate "1997.??.??"]

{7/(12)} 1. d4 e6 2. c4 Nf6 3. Nf3 b6 4. a3 Bb7 5. e3 c5 6. Nc3 d5 7. cxd5 Nxd5
8. Bb5+ Bc6 9. O-O Nxc3 10. Bxc6+ Nxc6 11. bxc3 Be7 12. Qa4 Qd7 13. Bb2 cxd4
14. cxd4 O-O 15. Rfd1 Rfd8 16. Qb3 Rac8 17. Rac1 Na5 18. Qd3 Qa4 19. Nd2
1/2-1/2

[Event "Lansing (MI Op/1b/9)"]
[Site "?"]
[Date "1997.??.??"]
[Round "?"]
[White "Grossman, Jay"]
[Black "Haluska, James"]
[Result "1-0"]
[WhiteElo "1860"]
[BlackElo "2080"]
[PlyCount "69"]
[EventDate "1997.??.??"]

1. d4 Nf6 2. c4 g6 3. Nc3 Bg7 4. e4 O-O 5. Bg5 h6 6. Be3 d6 7. f3 e5 8. Nge2
Nbd7 9. Qd2 Re8 10. d5 Kh7 11. Ng3 a5 12. Bd3 Nc5 13. Bc2 Bd7 14. O-O Ng8 15.
Kh1 Bf6 16. f4 Rf8 17. f5 Qe7 18. a3 a4 19. Qd1 Bg5 20. Bxc5 dxc5 21. Bxa4 Bxa4
22. Nxa4 Nf6 23. Nc3 h5 24. Nge2 Ng4 25. Qd3 Ra6 26. h3 Nh6 27. Qf3 Kg7 28. d6
Rxd6 29. Nd5 Qd8 30. fxg6 fxg6 31. Qxf8+ Qxf8 32. Rxf8 Kxf8 33. Rf1+ Kg7 34.
Nxc7 Bd8 35. Ne8+ 1-0

[Event "Lansing (MOR/7/43)"]
[Site "?"]
[Date "1997.??.??"]
[Round "?"]
[White "Grima, Jason"]
[Black "Seppala, Travis"]
[Result "1-0"]
[WhiteElo "1605"]
[BlackElo "1605"]
[PlyCount "159"]
[EventDate "1997.??.??"]

{7/(43)} 1. d4 d5 2. Nf3 Nc6 3. e3 Bf5 4. Nc3 Nb4 5. Bd3 Qd7 6. a3 Nc6 7. O-O
Bh3 8. gxh3 Qxh3 9. Nxd5 O-O-O 10. Nf4 Qg4+ 11. Kh1 g5 12. d5 gxf4 13. dxc6 a6
14. exf4 b5 15. b3 Bg7 16. Rb1 Qe6 17. Rg1 Nf6 18. Ng5 Qxc6+ 19. f3 Rdf8 20.
Qe1 e6 21. f5 Nd5 22. Be4 Bd4 23. Bb2 Bxg1 24. Bxh8 Rxh8 25. Nxf7 Rg8 26. Ne5
Qd6 27. Bxd5 Qxd5 28. Rd1 Qc5 29. Ng4 Qxc2 30. Qxe6+ Kb7 31. Rxg1 Rd8 32. Qe4+
Qxe4 33. fxe4 Rd3 34. f6 Rxb3 35. f7 Rf3 36. Ne5 Rf6 37. Rg8 a5 38. f8=Q Rxf8
39. Rxf8 b4 40. axb4 axb4 41. Rf3 Kb6 42. Rb3 c5 43. Nd7+ Kc6 44. Ne5+ Kd6 45.
Nd3 c4 46. e5+ Kd5 47. Nxb4+ Kxe5 48. Rc3 Kd4 49. Na2 h5 50. Rh3 h4 51. Rxh4+
Kd3 52. Nc1+ Kc3 53. Rh3+ Kc2 54. Rh4 c3 55. Rc4 Kd2 56. Ne2 c2 57. h4 Kd3 58.
Rc3+ Kd2 59. Rxc2+ Kxc2 60. Nf4 Kc3 61. h5 Kd4 62. h6 Ke4 63. h7 Kxf4 64. h8=Q
Kg5 65. Qf8 Kg4 66. Kg2 Kg5 67. Kg3 Kg6 68. Kg4 Kh7 69. Qf7+ Kh6 70. Qf6+ Kh7
71. Kg5 Kg8 72. Qf5 Kg7 73. Qf6+ Kg8 74. Qg6+ Kf8 75. Qh7 Ke8 76. Kf6 Kd8 77.
Ke6 Kc8 78. Kd6 Kb8 79. Kc6 Ka8 80. Qb7# 1-0

[Event "Lansing (MOR/5/47)"]
[Site "?"]
[Date "1997.??.??"]
[Round "?"]
[White "Grima, Jason"]
[Black "Mitchell, Dave"]
[Result "0-1"]
[WhiteElo "1605"]
[BlackElo "1605"]
[PlyCount "95"]
[EventDate "1997.??.??"]

{5/(47)} 1. d4 d6 2. Nf3 c6 3. e3 Bg4 4. Bc4 d5 5. Be2 Nf6 6. h3 Bf5 7. Nc3 e6
8. g4 Bg6 9. Ne5 Bb4 10. Bd2 Nbd7 11. h4 h6 12. a3 Bxc3 13. Bxc3 Ne4 14. Bd3
Nxc3 15. bxc3 Bxd3 16. Qxd3 Nxe5 17. dxe5 O-O 18. g5 h5 19. Rd1 Qa5 20. Qe2
Qxc3+ 21. Rd2 g6 22. Kf1 Qxe5 23. f4 Qa1+ 24. Kg2 Qxa3 25. Rf1 a5 26. e4 a4 27.
f5 exf5 28. exf5 Rfe8 29. Qd1 Re4 30. fxg6 Rg4+ 31. Kf2 Qc5+ 32. Ke1 Re8+ 33.
Re2 Rxe2+ 34. Kxe2 fxg6 35. Rf6 Kg7 36. Qa1 Qxc2+ 37. Kf1 Qd3+ 38. Kf2 Qd2+ 39.
Kf1 Qd3+ 40. Kf2 Qd4+ 41. Qxd4 Rxd4 42. Ke3 c5 43. Rb6 a3 44. Rxb7+ Kf8 45. Ra7
Rxh4 46. Ra5 Re4+ 47. Kf3 c4 48. Rxa3 0-1

[Event "Lansing (MOR/1b/25)"]
[Site "?"]
[Date "1997.??.??"]
[Round "?"]
[White "Grima, Jason"]
[Black "King, Billy"]
[Result "0-1"]
[WhiteElo "1605"]
[BlackElo "1605"]
[PlyCount "58"]
[EventDate "1997.??.??"]

1. d4 Nf6 2. Nc3 d5 3. e3 Bf5 4. Nf3 e6 5. a3 a6 6. g3 c5 7. Bg2 c4 8. Qe2 Ne4
9. Nxe4 Bxe4 10. b4 b5 11. O-O Qc7 12. Rd1 a5 13. Rb1 axb4 14. axb4 Ra2 15. Rd2
Nc6 16. Ne5 Nxe5 17. dxe5 Bxg2 18. Kxg2 Qxe5 19. f4 Qc3 20. Qd1 Bxb4 21. e4 Ra1
22. Bb2 Rxb1 23. Qxb1 Qxd2+ 24. Kf3 O-O 25. exd5 Qxd5+ 26. Kg4 Qg2 27. Qd1 f5+
28. Kg5 Be7+ 29. Kh5 Qxh2# 0-1

[Event "Lansing (MOR/1a/13)"]
[Site "?"]
[Date "1997.??.??"]
[Round "?"]
[White "Griffin, John"]
[Black "Williams, Claude"]
[Result "1-0"]
[WhiteElo "1605"]
[BlackElo "1605"]
[PlyCount "59"]
[EventDate "1997.??.??"]

1. d4 f5 2. c4 Nf6 3. g3 g6 4. Nf3 Bg7 5. Bg2 O-O 6. Nc3 d6 7. O-O Qe8 8. Rb1
e5 9. dxe5 dxe5 10. b3 Nc6 11. Ba3 Rf7 12. Qc2 h6 13. e3 g5 14. Rfd1 Nh5 15.
Nd5 f4 16. exf4 Bf5 17. Qc1 Bxb1 18. Qxb1 exf4 19. Nd2 fxg3 20. hxg3 Qe2 21.
Ne4 Bd4 22. Rd2 Qg4 23. Bb2 Nxg3 24. Nxg3 Bxb2 25. Qxb2 Raf8 26. Ne3 Qf4 27.
Bd5 Ne5 28. Bxf7+ Rxf7 29. Rd8+ Kg7 30. Nh5+ 1-0

[Event "Kalamazoo (MI Am/2/22)"]
[Site "?"]
[Date "1997.??.??"]
[Round "?"]
[White "Griffin, John"]
[Black "Valdivia, Alex"]
[Result "1-0"]
[WhiteElo "1605"]
[BlackElo "1605"]
[PlyCount "69"]
[EventDate "1997.??.??"]

{2/(22)} 1. d4 Nf6 2. c4 d5 3. g3 Bf5 4. Bg2 c5 5. Nc3 e6 6. Nf3 Nc6 7. O-O a6
8. a3 Nd7 9. cxd5 cxd4 10. Nxd4 Nxd4 11. Qxd4 e5 12. Qd1 Bd6 13. e4 Bg6 14. Be3
O-O 15. Rc1 f5 16. f4 Qf6 17. exf5 Qxf5 18. g4 Qd3 19. Qxd3 Bxd3 20. Rfd1 Bc4
21. f5 Bb3 22. Rd2 h5 23. Ne4 Be7 24. Rc3 Ba4 25. Nf2 hxg4 26. d6 Bd8 27. Bd5+
Kh7 28. Rc4 Bb3 29. Rxg4 Bxd5 30. Rxd5 Rxf5 31. Ne4 Nf6 32. Nxf6+ gxf6 33. Rd2
Rf3 34. Rdg2 Rxe3 35. Rh4# 1-0

[Event "Lansing (MOR/5/23)"]
[Site "?"]
[Date "1997.??.??"]
[Round "?"]
[White "Griffin, John"]
[Black "Roth, Bruce"]
[Result "0-1"]
[WhiteElo "1605"]
[BlackElo "1605"]
[PlyCount "104"]
[EventDate "1997.??.??"]

{5/(23)} 1. d4 d5 2. c4 dxc4 3. Nf3 Nf6 4. Qa4+ Nc6 5. Qxc4 Bf5 6. e3 e6 7. a3
Bd6 8. Bd3 Bxd3 9. Qxd3 O-O 10. O-O a6 11. Nbd2 b5 12. Ne4 Nxe4 13. Qxe4 Na5
14. Qc2 Rc8 15. b4 Nc4 16. Nd2 Nxd2 17. Bxd2 e5 18. Bc3 exd4 19. Bxd4 Qd7 20.
Rfd1 Rfe8 21. Qb2 f6 22. Rac1 Re6 23. Rc2 Qe7 24. Bc5 Bxc5 25. Rxc5 c6 26. Qd4
Re5 27. Qg4 f5 28. Qd4 Rxc5 29. bxc5 g6 30. Kf1 Rc7 31. a4 Kf7 32. Qb4 Rd7 33.
Qb3+ Kf8 34. Rxd7 Qxd7 35. Ke2 Qe7 36. Qb4 Qe4 37. Qd4 Qxd4 38. exd4 bxa4 39.
Kd2 Ke7 40. Kc3 a5 41. Kb2 Ke6 42. Ka3 Kd5 43. Kxa4 Kxd4 44. Kxa5 Kxc5 45. Ka4
Kc4 46. Ka3 Kc3 47. Ka2 Kc2 48. Ka3 c5 49. Ka2 c4 50. Ka1 c3 51. f4 Kd2 52. Kb1
c2+ 0-1

[Event "Michigan Senior"]
[Site "Ann Arbor, MI"]
[Date "1997.??.??"]
[Round "2.13"]
[White "Griffin, John"]
[Black "Rosebrook, G."]
[Result "1-0"]
[WhiteElo "1605"]
[BlackElo "1605"]
[PlyCount "157"]
[EventDate "1997.??.??"]

{2/(13)} 1. d4 Nf6 2. c4 e6 3. g3 c6 4. Bg2 d5 5. Nf3 dxc4 6. Ne5 Nbd7 7. O-O
Nxe5 8. dxe5 Nd5 9. Qc2 b5 10. Nc3 Qc7 11. Nxd5 cxd5 12. f4 Rb8 13. Be3 Bc5 14.
Qd2 O-O 15. Rac1 Qb6 16. Bxc5 Qxc5+ 17. e3 Rd8 18. Rfd1 Rb7 19. Qd4 Qxd4 20.
exd4 b4 21. Ra1 Rc7 22. Rdc1 Ba6 23. a3 b3 24. Rc3 Bb7 25. Bh3 Bc6 26. Kf2 Bd7
27. Rac1 a5 28. g4 Rf8 29. f5 f6 30. Bg2 fxe5 31. dxe5 Rc5 32. Ke3 exf5 33. Kd4
Rcc8 34. Bxd5+ Kh8 35. Rf1 Rfd8 36. Ke3 g6 37. Bxc4 a4 38. e6 Re8 39. Rfc1 Bxe6
40. Bxe6 Rxe6+ 41. Kf3 Rd8 42. Rc4 Rd3+ 43. Kf4 Re4+ 44. Kg5 Rxg4+ 45. Kf6 Rxc4
46. Rxc4 Rd8 47. Rxa4 Rf8+ 48. Kg5 Rf7 49. Rb4 f4 50. Rxf4 h6+ 51. Kg4 Kg7 52.
Rxf7+ Kxf7 53. Kf4 Ke6 54. Ke4 g5 55. a4 Kd6 56. Kd4 h5 57. Ke4 Kc5 58. Kf5 Kb4
59. Kxg5 Kxa4 60. Kxh5 Kb4 61. Kg4 Kc4 62. h4 Kd5 63. h5 Ke6 64. Kg5 Kf7 65. h6
Kg8 66. Kg6 Kh8 67. Kf6 Kh7 68. Ke5 Kxh6 69. Kd4 Kg6 70. Kc4 Kf6 71. Kxb3 Ke6
72. Kc4 Kd6 73. Kb5 Kc7 74. Kc5 Kb7 75. b4 Kc7 76. b5 Kb7 77. b6 Kc8 78. Kc6
Kb8 79. b7 1-0

[Event "Lansing (MOR/3/5)"]
[Site "?"]
[Date "1997.??.??"]
[Round "?"]
[White "Griffin, John"]
[Black "McGrath, Michael"]
[Result "0-1"]
[WhiteElo "1605"]
[BlackElo "1700"]
[PlyCount "98"]
[EventDate "1997.??.??"]

{3/(5)} 1. d4 c6 2. c4 d5 3. Nf3 Bf5 4. Qb3 Qb6 5. Qxb6 axb6 6. cxd5 cxd5 7.
Nc3 e6 8. Nh4 Bg6 9. e3 Nc6 10. Bb5 Kd8 11. O-O Nf6 12. a3 Bd6 13. Bd2 Bh5 14.
f4 Rg8 15. Bd3 h6 16. Nf3 Bxf3 17. Rxf3 g6 18. Rff1 Ng4 19. Ne2 f5 20. Rac1 g5
21. Ng3 gxf4 22. exf4 Nxd4 23. Ne2 Nb3 24. Rc2 Nxd2 25. Rxd2 Bc5+ 26. Kh1 Nf2+
27. Rxf2 Bxf2 28. g3 h5 29. Bb5 h4 30. Kg2 hxg3 31. hxg3 Bc5 32. Nd4 Bxd4 33.
Rxd4 Rc8 34. Rd2 Rc5 35. Bd3 Ke7 36. Kf3 Kd6 37. Rh2 Rg7 38. Rh8 Rc1 39. Kf2
Rd1 40. Be2 Rd2 41. Rd8+ Rd7 42. Rg8 Rxb2 43. g4 fxg4 44. Rxg4 Ra2 45. Rg3 Rc7
46. Re3 Rcc2 47. Kf3 d4 48. Rd3 Rc3 49. Rxc3 dxc3 0-1

[Event "Kalamazoo (MI Am/4/21)"]
[Site "?"]
[Date "1997.??.??"]
[Round "?"]
[White "Griffin, John"]
[Black "Helinski, B."]
[Result "1-0"]
[WhiteElo "1605"]
[BlackElo "1605"]
[PlyCount "79"]
[EventDate "1997.??.??"]

{4/(21)} 1. d4 d5 2. c4 Nf6 3. g3 e6 4. Bg2 Be7 5. Nf3 Nbd7 6. Qc2 O-O 7. O-O
a6 8. b3 b5 9. cxd5 Nxd5 10. a3 Bb7 11. Nc3 Rc8 12. Nd2 c6 13. Bb2 N7f6 14.
Rac1 Qb6 15. Nxd5 cxd5 16. Qb1 Rc6 17. e3 Qa5 18. b4 Qa4 19. Rxc6 Bxc6 20. Rc1
Rc8 21. e4 Bb7 22. Bf3 Bxb4 23. Rxc8+ Bxc8 24. axb4 Qxb4 25. Qc2 Bd7 26. e5 Ne8
27. Bc3 Qe7 28. Nb3 b4 29. Bd2 Ba4 30. Qa2 Bxb3 31. Qxb3 a5 32. Qa4 f6 33. Qxa5
fxe5 34. dxe5 b3 35. Bd1 Qb7 36. Qa1 b2 37. Qb1 Qb6 38. Bc3 d4 39. Bxb2 Qb8 40.
Bc2 1-0

[Event "Lansing (MOR/1a/4)"]
[Site "?"]
[Date "1997.??.??"]
[Round "?"]
[White "Gregg, Ted"]
[Black "Walquist, Elaine"]
[Result "0-1"]
[WhiteElo "1605"]
[BlackElo "1745"]
[PlyCount "58"]
[EventDate "1997.??.??"]

1. f4 d5 2. b3 c5 3. e3 Nc6 4. Bb5 Qb6 5. Bxc6+ Qxc6 6. Bb2 Nf6 7. Nf3 b5 8.
Ne5 Qb6 9. O-O g6 10. Qe1 Bg7 11. Nc3 O-O 12. Rd1 Rd8 13. d4 Bf5 14. Qe2 a6 15.
g4 Be4 16. Nxe4 Nxe4 17. Nf3 Rac8 18. c4 Qe6 19. Ng5 Nxg5 20. fxg5 dxc4 21.
bxc4 bxc4 22. Rf4 cxd4 23. Bxd4 Bxd4 24. Rfxd4 Rxd4 25. Rxd4 c3 26. Rd1 c2 27.
Rc1 Qxa2 28. Kf2 a5 29. Ke1 Qb2 0-1

[Event "Lansing (MOR/6/17)"]
[Site "?"]
[Date "1997.??.??"]
[Round "?"]
[White "Gregg, Ted"]
[Black "Eck, J."]
[Result "0-1"]
[WhiteElo "1605"]
[BlackElo "1605"]
[PlyCount "102"]
[EventDate "1997.??.??"]

{6/(17)} 1. f4 Nf6 2. b3 e6 3. Nf3 Be7 4. Bb2 d5 5. e3 b6 6. Be2 O-O 7. O-O h6
8. Ne5 Re8 9. d3 Bb7 10. Nd2 Nc6 11. Ndf3 Nh7 12. Nd4 Nxe5 13. fxe5 c5 14. Nb5
a6 15. Nc3 d4 16. exd4 cxd4 17. Ne4 Rb8 18. Bf3 f5 19. exf6 Nxf6 20. Nxf6+ Bxf6
21. Bxb7 Rxb7 22. Qg4 e5 23. Rae1 Rc7 24. Re2 Bg5 25. Bc1 Bxc1 26. Rxc1 Rf7 27.
Rf1 Rf4 28. Rxf4 exf4 29. Rxe8+ Qxe8 30. Qxf4 Qe1+ 31. Qf1 Qe3+ 32. Qf2 Qc1+
33. Qf1 Qxc2 34. Qf5 Qb1+ 35. Qf1 Qxa2 36. Qd1 Qb2 37. h4 Qc3 38. h5 Qc5 39. g4
b5 40. Kf2 Qf8+ 41. Ke1 Qf4 42. Qe2 Qd6 43. Qe8+ Kh7 44. Qe4+ Kg8 45. Qe8+ Kh7
46. Qe4+ g6 47. Qxg6+ Qxg6 48. hxg6+ Kxg6 49. Kf2 Kf6 50. Kg3 a5 51. Kf4 a4 0-1

[Event "Lansing (MOR/3/21)"]
[Site "?"]
[Date "1997.??.??"]
[Round "?"]
[White "Gregg, Ted"]
[Black "Distefano, R."]
[Result "1-0"]
[WhiteElo "1605"]
[BlackElo "1630"]
[PlyCount "73"]
[EventDate "1997.??.??"]

{3/(21)} 1. f4 Nf6 2. b3 d5 3. e3 c5 4. Bb2 Bf5 5. Nf3 e6 6. Bb5+ Nbd7 7. Ne5
a6 8. Bxd7+ Nxd7 9. O-O Nf6 10. d3 Qc7 11. Nd2 Be7 12. Ndf3 O-O 13. Nh4 Bg6 14.
Nhxg6 hxg6 15. g4 Nd7 16. g5 f6 17. Nxg6 Rfe8 18. Nxe7+ Rxe7 19. g6 e5 20. Qh5
Ree8 21. Qh7+ Kf8 22. fxe5 Nxe5 23. Rxf6+ Ke7 24. Qxg7+ Kd8 25. Qxc7+ Kxc7 26.
Bxe5+ Rxe5 27. Kf2 Rg5 28. Rg1 Rxg1 29. Kxg1 Rg8 30. Rf7+ Kc6 31. g7 b5 32. h4
Kd6 33. h5 Ke6 34. Ra7 Kf6 35. Rxa6+ Kxg7 36. Rg6+ Kh7 37. Rxg8 1-0

[Event "Tecumseh (RVO/3/18)"]
[Site "?"]
[Date "1997.??.??"]
[Round "?"]
[White "Grant, Marco"]
[Black "Petriz, Javier"]
[Result "0-1"]
[WhiteElo "1605"]
[BlackElo "1605"]
[PlyCount "82"]
[EventDate "1997.??.??"]

{3/(18)} 1. e4 e6 2. d4 d5 3. e5 c5 4. c3 Nc6 5. Nf3 cxd4 6. cxd4 Bb4+ 7. Nbd2
Qb6 8. a3 Bxd2+ 9. Qxd2 Nge7 10. Bd3 O-O 11. Qd1 Bd7 12. h4 Nf5 13. g4 Nfxd4
14. Bxh7+ Kh8 15. Nxd4 Qxd4 16. Qxd4 Nxd4 17. Bd3 Nf3+ 18. Ke2 Nxe5 19. Bc2
Rac8 20. Kd1 Nxg4 21. Rg1 Nxf2+ 22. Kd2 Ne4+ 23. Kd1 Bb5 24. b4 Be2+ 25. Kxe2
Rxc2+ 26. Kd3 Rfc8 27. Bf4 Nf2+ 28. Ke3 Ng4+ 29. Kd3 R8c4 30. Rae1 Nf2+ 31. Ke3
Nh3 32. Rgf1 R2c3+ 33. Kd2 Nxf4 34. Rxf4 Rxf4 35. Kxc3 Re4 36. Rxe4 dxe4 37.
Kd4 e5+ 38. Ke3 Kh7 39. b5 Kh6 40. a4 Kh5 41. a5 Kg4 0-1

[Event "Tecumseh (RVO/5/18)"]
[Site "?"]
[Date "1997.??.??"]
[Round "?"]
[White "Grant, Marco"]
[Black "Ligon, S."]
[Result "1-0"]
[WhiteElo "1605"]
[BlackElo "1605"]
[PlyCount "175"]
[EventDate "1997.??.??"]

{5/(18)} 1. e4 e5 2. Nf3 Nc6 3. Bc4 Bc5 4. O-O Nf6 5. Re1 Nxe4 6. Rxe4 d5 7.
Re1 dxc4 8. Nxe5 Bxf2+ 9. Kxf2 Qd4+ 10. Kf1 Nxe5 11. Qh5 g6 12. Qxe5+ Qxe5 13.
Rxe5+ Be6 14. Na3 O-O-O 15. Rc5 Rd4 16. Kg1 Re4 17. Nb5 Re2 18. Nxc7 b6 19.
Nxe6+ bxc5 20. Nf4 Re1+ 21. Kf2 Rhe8 22. h3 R8e5 23. b3 g5 24. Nh5 R5e2+ 25.
Kf3 cxb3 26. axb3 f5 27. Ra4 Re4 28. Bb2 Rf1+ 29. Kg3 Re2 30. Rc4 f4+ 31. Kh2
Rff2 32. Rxc5+ Kb7 33. Rxg5 f3 34. Bd4 Rxg2+ 35. Rxg2 Rxg2+ 36. Kh1 Rxd2 37. c3
Rg2 38. Nf4 Rg8 39. Nd3 Rg5 40. Ne1 Rb5 41. b4 a5 42. Nd3 axb4 43. cxb4 Rd5 44.
Nc5+ Kc6 45. Bf2 Rg5 46. Nb3 Rg2 47. Bc5 Rb2 48. Nd4+ Kd5 49. Nxf3 Kc4 50. Ne1
Rb1 51. Bf2 Kxb4 52. Kg2 Rb3 53. Nf3 Rd3 54. Kg3 Rd8 55. Kg4 Rg8+ 56. Kh5 Rg6
57. h4 Rf6 58. Kg4 Kc4 59. h5 Kd5 60. Bh4 Ra6 61. Bg5 Ke6 62. Bf4 Ra5 63. Ng5+
Kd7 64. Nxh7 Rxh5 65. Kxh5 Kc6 66. Kg5 Kd5 67. Kf5 Kc5 68. Ke5 Kc4 69. Nf6 Kc5
70. Be3+ Kc6 71. Ke6 Kc7 72. Kd5 Kb8 73. Kd6 Kc8 74. Ne4 Kd8 75. Bb6+ Ke8 76.
Ke6 Kf8 77. Bc5+ Kg7 78. Be7 Kg6 79. Ng3 Kh6 80. Kf6 Kh7 81. Nf5 Kh8 82. Kf7
Kh7 83. Bg5 Kh8 84. Nd4 Kh7 85. Ne6 Kh8 86. Bc1 Kh7 87. Nf8+ Kh8 88. Bb2# 1-0

[Event "Tecumseh (RVO/1/2)"]
[Site "?"]
[Date "1997.??.??"]
[Round "?"]
[White "Grant, Marco"]
[Black "Kamberi, Sonny"]
[Result "0-1"]
[WhiteElo "1605"]
[BlackElo "2340"]
[PlyCount "120"]
[EventDate "1997.??.??"]

{1/(2)} 1. e4 e5 2. Nf3 Nf6 3. Nxe5 d6 4. Nf3 Nxe4 5. Qe2 Qe7 6. d3 Nf6 7. Nc3
Bg4 8. Qxe7+ Bxe7 9. Nd4 c5 10. Ndb5 Kd7 11. f3 Be6 12. Ne4 a6 13. Nbc3 h6 14.
Be3 Nc6 15. Be2 Nb4 16. Bd1 Nfd5 17. Nxd5 Nxd5 18. Bd2 f5 19. Nc3 Nb4 20. f4
Bh4+ 21. g3 Bf6 22. Na4 Rae8 23. O-O Bd4+ 24. Kg2 Nd5 25. Bf3 b5 26. c4 Nxf4+
27. Bxf4 bxa4 28. Rab1 Rb8 29. Bd1 Rxb2+ 30. Rxb2 Bxb2 31. Bxa4+ Ke7 32. Rb1
Be5 33. Rb7+ Kf6 34. Bxe5+ dxe5 35. Rb6 Rd8 36. Bc2 e4 37. Rb3 Bxc4 38. Rb6+
Ke5 39. dxc4 Rd2+ 40. Kg1 Rxc2 41. Rxa6 e3 42. Ra8 Kd4 43. a4 Rc1+ 44. Kg2 e2
45. Re8 e1=Q 46. Rxe1 Rxe1 47. a5 Ra1 48. Kh3 g5 49. g4 Ra3+ 50. Kg2 fxg4 51.
Kf2 Rxa5 52. Kg2 Ra3 53. Kf2 Ke4 54. Kg2 Kf4 55. Kf2 Ra2+ 56. Ke1 Kf3 57. Kd1
Ke3 58. Kc1 Kd3 59. Kb1 Rxh2 60. Kc1 g3 0-1

[Event "Tecumseh (RVO/1/13)"]
[Site "?"]
[Date "1997.??.??"]
[Round "?"]
[White "Grams, Paul"]
[Black "Vasos, John"]
[Result "0-1"]
[WhiteElo "1800"]
[BlackElo "1605"]
[PlyCount "87"]
[EventDate "1997.??.??"]

{1/(13)} 1. d4 d6 2. c4 Nf6 3. Nc3 g6 4. e4 e5 5. dxe5 dxe5 6. Qxd8+ Kxd8 7.
Bg5 Be7 8. Nf3 Nfd7 9. Nd5 f6 10. Nxe7 Kxe7 11. Be3 c5 12. O-O-O Nc6 13. g4 a5
14. Nh4 a4 15. g5 a3 16. b3 b6 17. gxf6+ Nxf6 18. Bg5 Rd8 19. Be2 Bb7 20. f4
Nd4 21. Bd3 Ke6 22. f5+ Kf7 23. fxg6+ hxg6 24. Rhf1 Rd6 25. Ng2 Rh8 26. h4 Bc8
27. Ne3 Kg7 28. Rd2 Rf8 29. Rdf2 Bh3 30. Rd1 Ne6 31. Rf3 Bg4 32. Bxf6+ Rxf6 33.
Rxf6 Bxd1 34. Rxe6 Rxe6 35. Kxd1 Rf6 36. Kd2 Rf2+ 37. Be2 Rh2 38. Nd5 Rxh4 39.
Nxb6 Rxe4 40. Nd7 Rd4+ 41. Ke3 Rxd7 42. Ke4 Kf6 43. Bd3 Rd4+ 44. Ke3 0-1

[Event "Tecumseh (RVO/3/19)"]
[Site "?"]
[Date "1997.??.??"]
[Round "?"]
[White "Grams, Paul"]
[Black "Ligon, S."]
[Result "1-0"]
[WhiteElo "1800"]
[BlackElo "1605"]
[PlyCount "37"]
[EventDate "1997.??.??"]

{3/(19)} 1. d4 Nf6 2. c4 g6 3. Nc3 d6 4. e4 Bg7 5. f3 O-O 6. Be3 e5 7. dxe5
dxe5 8. Qc2 Nbd7 9. O-O-O Qe7 10. g4 c6 11. h4 b5 12. cxb5 Bb7 13. h5 cxb5 14.
Bxb5 Nb6 15. hxg6 fxg6 16. Nh3 Rfc8 17. Ng5 Nc4 18. Qb3 Qc7 19. Ne6 1-0

[Event "Tecumseh (RVO/5/19)"]
[Site "?"]
[Date "1997.??.??"]
[Round "?"]
[White "Grams, Paul"]
[Black "Draper, M."]
[Result "1-0"]
[WhiteElo "1800"]
[BlackElo "1605"]
[PlyCount "113"]
[EventDate "1997.??.??"]

{5/(19)} 1. d4 d5 2. c4 e6 3. Nc3 f5 4. cxd5 exd5 5. Bf4 Nf6 6. e3 Be7 7. Rc1
O-O 8. Nb5 Bb4+ 9. Nc3 c6 10. Bd3 Qa5 11. a3 Bxc3+ 12. Rxc3 Ne4 13. Bxe4 fxe4
14. Ne2 Bg4 15. O-O Qb5 16. Rc2 Nd7 17. Qd2 Nb6 18. Nc3 Qd3 19. Qxd3 exd3 20.
Rd2 Nc4 21. Rxd3 Nxb2 22. Rd2 Nc4 23. Ra2 Rf6 24. a4 Rg6 25. Bg3 Nd6 26. f3 Bf5
27. Bxd6 Rxd6 28. a5 Re6 29. Kf2 Rae8 30. Re1 a6 31. Na4 Rh6 32. h3 Rf8 33. Rh1
g5 34. Rg1 Rg6 35. Nc5 Bc8 36. Rb2 Rf7 37. Ke2 h6 38. Rf1 h5 39. e4 Re7 40. e5
g4 41. hxg4 hxg4 42. f4 g3 43. f5 Rf6 44. e6 Kg7 45. Ke3 Rh6 46. Rf3 Kf6 47.
Rxg3 Rh5 48. Rg8 Rg7 49. Rxc8 Rg3+ 50. Kf2 Rhg5 51. Rf8+ Ke7 52. Rf7+ Ke8 53.
Kg1 Rg7 54. Nxb7 Rxf7 55. Nd6+ Ke7 56. exf7 Kf8 57. f6 1-0